Prestressed concrete : (Record no. 530040)
[ view plain ]
| 000 -LEADER | |
|---|---|
| fixed length control field | 01462fam a2200229 a 4500 |
| 003 - CONTROL NUMBER IDENTIFIER | |
| control field | NUST |
| 005 - DATE AND TIME OF LATEST TRANSACTION | |
| control field | 20191008190609.0 |
| 008 - FIXED-LENGTH DATA ELEMENTS--GENERAL INFORMATION | |
| fixed length control field | 170216b xxu||||| |||| 00| 0 eng d |
| 020 ## - INTERNATIONAL STANDARD BOOK NUMBER | |
| International Standard Book Number | 0131234803 |
| 040 ## - CATALOGING SOURCE | |
| Transcribing agency | Nust-MCE |
| 082 00 - DEWEY DECIMAL CLASSIFICATION NUMBER | |
| Classification number | 624.183412 |
| Author Mark | NAW |
| 100 1# - MAIN ENTRY--PERSONAL NAME | |
| Personal name | Nawy, Edward G. |
| 9 (RLIN) | 23340 |
| 245 10 - TITLE STATEMENT | |
| Title | Prestressed concrete : |
| Remainder of title | a fundamental approach / |
| Statement of responsibility, etc. | Edward G. Nawy. |
| 490 1# - SERIES STATEMENT | |
| Series statement | Prentice-Hall international series in civil engineering and engineering mechanics |
| 520 ## - SUMMARY, ETC. | |
| Summary, etc. | Written by a national and international expert on concrete structures and materials, this second edition of Prestressed Concrete reflects the very latest ACI 318-95 Code provisions and brings you the author's many years of professional and academic know-how. |
| 520 8# - SUMMARY, ETC. | |
| Summary, etc. | This book is different from most because its major topics of material behavior, prestress loss, flexure, shear and torsion, and deflection-camber are sequentially self-contained and can be covered in one semester at the senior and the graduate levels. In addition, it is the only book that closely uses and follows procedures given in numerous flowcharts that simplify the understanding and application of the subject in design. |
| 520 8# - SUMMARY, ETC. | |
| Summary, etc. | It includes, for the first time, example solutions in SI Units as well as lists of the ACI equations in SI format. |
| 650 #0 - SUBJECT ADDED ENTRY--TOPICAL TERM | |
| Topical term or geographic name entry element | Prestressed concrete. |
| 9 (RLIN) | 23341 |
| 650 #0 - SUBJECT ADDED ENTRY--TOPICAL TERM | |
| Topical term or geographic name entry element | Prestressed concrete construction. |
| 9 (RLIN) | 20245 |
| 650 #0 - SUBJECT ADDED ENTRY--TOPICAL TERM | |
| Topical term or geographic name entry element | MCE |
| 9 (RLIN) | 379 |
| 942 ## - ADDED ENTRY ELEMENTS (KOHA) | |
| Koha item type | Book |
| Source of classification or shelving scheme | |
| Withdrawn status | Lost status | Source of classification or shelving scheme | Damaged status | Not for loan | Permanent Location | Current Location | Date acquired | Total Checkouts | Total Renewals | Full call number | Barcode | Date last seen | Date last checked out | Price effective from | Koha item type |
|---|---|---|---|---|---|---|---|---|---|---|---|---|---|---|---|
| School of Civil and Environmental Engineering (SCEE) | School of Civil and Environmental Engineering (SCEE) | 10/08/2019 | 5 | 1 | 624.183412 NAW | NIT-810 | 01/06/2025 | 11/29/2024 | 10/08/2019 | Book |
